| 000 | 00349nam a22001337a 4500 | ||
|---|---|---|---|
| 005 | 20260121104249.0 | ||
| 008 | 260121b |||||||| |||| 00| 0 eng d | ||
| 100 | _aSourav Kapoor | ||
| 245 | _aFactors Influencing Customers to Invest in the Equity Market | ||
| 260 |
_aJammu _bMIET _c2024 |
||
| 300 | _a54 | ||
| 650 | _aManagement | ||
| 942 |
_2ddc _cTH |
||
| 999 |
_c21772 _d21772 |
||